000 00627nam a2200253Ia 4500
005 20260121154850.0
008 008 260114s9999 xx 000 0 eng d
020 _a9781003098027
037 _aEBOOK
040 _aCRL
040 _beng
040 _cCRL
041 _2eng
041 _aeng
084 _qCRL
100 _a Carolijn van Noort
_91012450
245 0 _aInfrastructure Communication in International Relations
260 _bTaylor and Francis
260 _c2021
856 _uhttp://www.taylorfrancis.com/books/9781003098027
942 _cEBOOK
999 _c1579269
_d1579269